000 01201nam a2200253Ia 4500
999 _c36850
_d36850
001 2798
003 GE_BSU
005 20190506142524.0
008 181216s1995||||ge |||||||||||||| ||geo||
040 _cGE_BSU
041 _ageo
080 _a330.1(075.8) ს–83
100 _aსტენლეიკი, ჯ. ფ
_9784
245 _aეკონომიკსი დამწყებთათვის /
_cჯ. ფ. სტენლეიკი ; მთარგმნ.: ვ. ვეფხვაძე, ჯ. არაბიძე
264 _aთბილისი . :
_bფარნავაზი,
_c1995.
300 _a484 გვ ;
_c20 სმ.
541 _h9 ლ.
653 _aეკონომიკსი
653 _aეკონომიკა
700 _aვეფხვაძე, ვ
_eმთარგმნელი
_9785
700 _aარაბიძე, ჯ
_eმთარგმნელი
_9786
710 _aსაქ.რესპ ეკონ.სამ–სთან არსებ.ეკონ. და სოც. პრობლ. ის სამეცნ.–კვლე ინ–ტი.; სასწ–ეკონ. ინ–ტი.
_9789
942 _cBK
_2udc